Statistics for Frozen II "Show Yourself" song lyrics

Click here to take the quiz!

General Stats

  • This quiz has been taken 211 times
  • The average score is 201 of 270

Answer Stats

Answer% Correct
I
95%
You
94%
you
94%
a
91%
me
91%
the
90%
your
90%
yourself
90%
Show
89%
show
89%
for
87%
to
87%
be
86%
my
86%
no
86%
is
85%
Is
85%
of
85%
so
85%
been
84%
I've
84%
All
82%
Are
82%
are
82%
but
82%
But
82%
can
82%
I'm
82%
am
81%
an
81%
one
81%
One
81%
there
81%
Every
80%
life?
80%
life
80%
life,
80%
Don't
78%
don't
78%
have
78%
it
78%
not
78%
cold
77%
Cold
77%
from
77%
like
77%
Like
77%
trembling
77%
meet
76%
always
75%
Oh,
75%
something
75%
Something
75%
wait
75%
here
74%
Here
74%
hold
73%
looking
73%
inch
72%
quite
72%
too
72%
hide
71%
ready
71%
And
70%
Come
70%
come
70%
Come,
70%
home
70%
dream,
68%
inside
68%
reach
68%
secrets,
68%
secrets
68%
dying
67%
familiar
67%
fortress
67%
It's
67%
learn
67%
see
67%
sense
67%
deep
66%
who
66%
feels
64%
friend
64%
sea
64%
far
63%
known
63%
more
63%
Where
63%
longer
62%
reason
62%
now
61%
this
61%
turn
61%
waiting
61%
arriving
60%
make
60%
Open
60%
out
60%
There's
60%
way
60%
why?
60%
different
59%
door
59%
Let
59%
meets
59%
memory
59%
North
59%
was
59%
wind
59%
born?
58%
Could
58%
day?
58%
moment
58%
river
58%
did
57%
finally
57%
Full
57%
rules
57%
apply
56%
found
55%
Normal
55%
darling,
54%
waited
54%
answer
53%
find
53%
Into
52%
into
52%
never
52%
power
52%
torn
49%
bound
48%
homeward
48%
new
48%
certain
47%
felt
46%
Grow
46%
Step
46%
Ah-ah,
45%
ah-ah
45%
you've
39%
ah-ah-ah
25%

Score Distribution

Percentile by Number Answered

Percent of People with Each Score

Your Score History

You have not taken this quiz